Principles and Practices of Seed Production of Vegetables Crops /by Shankar Lal...[et al.] (Record no. 52363)

MARC details
000 -LEADER
fixed length control field 00574nam a22001697a 4500
003 - CONTROL NUMBER IDENTIFIER
control field OSt
008 - FIXED-LENGTH DATA ELEMENTS--GENERAL INFORMATION
fixed length control field 260626b |||||||| |||| 00| 0 eng d
020 ## - INTERNATIONAL STANDARD BOOK NUMBER
International Standard Book Number 9788170196167
082 ## - DEWEY DECIMAL CLASSIFICATION NUMBER
Classification number 631.521
Item number L19P
100 ## - MAIN ENTRY--PERSONAL NAME
Personal name Lal, Shankar
245 ## - TITLE STATEMENT
Title Principles and Practices of Seed Production of Vegetables Crops /by Shankar Lal...[et al.]
260 ## - PUBLICATION, DISTRIBUTION, ETC. (IMPRINT)
Place of publication, distribution, etc Delhi :
Name of publisher, distributor, etc Today & Tomorrow Printers and Publishers,
Date of publication, distribution, etc 2018.
300 ## - PHYSICAL DESCRIPTION
Extent xxxi, 330 p.
650 ## - SUBJECT ADDED ENTRY--TOPICAL TERM
Topical term or geographic name as entry element Technology (Applied Sciences) | Agriculture and Related Technologies | Seeds
700 ## - ADDED ENTRY--PERSONAL NAME
Personal name Lal, Shankar
942 ## - ADDED ENTRY ELEMENTS (KOHA)
Source of classification or shelving scheme
Koha item type Books
Holdings
Withdrawn status Lost status Source of classification or shelving scheme Damaged status Not for loan Home library Current library Shelving location Date acquired Source of acquisition Cost, normal purchase price Full call number Barcode Date last seen Bill Date Koha item type Bill Number Total Checkouts
          Dr. Rajendra Prasad Central Agricultural University Pusa, Dr. Rajendra Prasad Central Agricultural University Pusa, General Stacks 26/06/2026 Today & Tomorrow Printers and Publishers 4495.00 631.521 L19P 87633 26/06/2026 29/01/2026 Books Bill No. IN-00449  
          Dr. Rajendra Prasad Central Agricultural University Pusa, Dr. Rajendra Prasad Central Agricultural University Pusa, General Stacks 26/06/2026 Today & Tomorrow Printers and Publishers 4495.00 631.521 L19P 87634 26/06/2026 29/01/2026 Books Bill No. IN-00449  
Hosted, Implemented, Customized & Maintained by: BestBookBuddies

Powered by Koha